| 000 | 00848nam a22002777a 4500 | ||
|---|---|---|---|
| 005 | 20251108170834.0 | ||
| 008 | 250721s2000 xx 000 0 ara d | ||
| 082 | 1 | 4 | _a218.61/حاج |
| 100 | 1 | _aبن علي، خالد | |
| 245 | 1 | 0 | _aمعاول الهدم والمنكرات / |
| 250 | _aحاج | ||
| 264 | 1 |
_aالرياض : _bدار الراوي، _c2000. |
|
| 300 | _a618 | ||
| 650 | 1 | 7 | _aالاسلام |
| 650 | 1 | 7 | _aالعقيدة الاسلامية |
| 650 | 1 | 7 | _aالعلماء المسلمين |
| 650 | 1 | 7 | _aالكبائر |
| 650 | 1 | 7 | _aالاحكام الشرعية |
| 650 | 1 | 7 | _aالشيوعية |
| 650 | 1 | 7 | _aالماسونية الصهيونية |
| 650 | 1 | 7 | _aالفرق الاسلامية |
| 650 | 1 | 7 | _aالعلمانية |
| 650 | 1 | 7 | _aآراء العلماء المسلمين |
| 942 |
_2ddc _cBK |
||
| 999 |
_c50207 _d50207 |
||